Progresivní způsob motivace pracovníků K problematice uplatnění tzv. Kafetéria systému
Systém ako stimulácia pracovníka. Použiteľnosť systému v európskych podmienkach. Projektový tím Kafetéria systému. Zistenie potrieb zamestnancov a analýza preferencií. Spracovanie Kafetéria systému.
Salvato in:
| Autore principale: | |
|---|---|
| Altri autori: | |
| Natura: | Capitolo di libro |
| Lingua: | ceco |
| Soggetti: | |
| Tags: |
Nessun Tag, puoi essere il primo ad aggiungerne!!
|
MARC
| LEADER | 00000naa a2200000 4500 | ||
|---|---|---|---|
| 001 | r014125 | ||
| 005 | 20221213083120.9 | ||
| 041 | 0 | |a cze | |
| 044 | |a CZ | ||
| 245 | 1 | 0 | |a Progresivní způsob motivace pracovníků |b K problematice uplatnění tzv. Kafetéria systému |c Jiří Kleibl, Zuzana Dvořáková |
| 520 | |a Systém ako stimulácia pracovníka. Použiteľnosť systému v európskych podmienkach. Projektový tím Kafetéria systému. Zistenie potrieb zamestnancov a analýza preferencií. Spracovanie Kafetéria systému. | ||
| 610 | 2 | 0 | |a motivácia pracovná |
| 610 | 2 | 0 | |a stimulovanie |
| 610 | 2 | 0 | |a Kafetéria systém |
| 610 | 2 | 0 | |a zamestnanci |
| 610 | 2 | 0 | |a zabezpečenie sociálne |
| 610 | 2 | 0 | |a odmeňovanie |
| 610 | 2 | 0 | |a západná Európa |
| 100 | 1 | |a Kleibl, Jiří | |
| 700 | 1 | |a Dvořáková, Zuzana | |